| 000 | 00366nam a22001457a 4500 | ||
|---|---|---|---|
| 005 | 20160201104526.0 | ||
| 008 | 160201b xxu||||| |||| 00| 0 eng d | ||
| 040 | _cPK-LaUMT | ||
| 082 |
_aAMC 973.924 _bBOB-F |
||
| 100 | _aBob woodward | ||
| 245 |
_aThe final days _cBob woodward, Carl berstein |
||
| 260 |
_aNew York _bAvon _c1977 |
||
| 300 | _a529 p. | ||
| 942 | _cBK | ||
| 999 |
_c82442 _d82442 |
||